| 000 | 01095cab a2200301 4500 | ||
|---|---|---|---|
| 001 | ABS45598 | ||
| 008 | 090401t1991 xxu||||| |||| 00| 0 eng d | ||
| 035 | _a(Sirsi) u53900 | ||
| 041 | _aeng | ||
| 100 | _aCrosby, N. | ||
| 245 | 4 | _aThe legal and valuation implications of abnormal rent review patterns - the issues underpinning the level of rental value uplift | |
| 260 | _c1991 | ||
| 350 | _a0 | ||
| 490 |
_aRent Review & Lease Renewal _v12(10 Autumn 1991, 25-36(12) |
||
| 520 | _aDiscusses the valuation issues, which affect the rental values of properties let on leases with rent reviews at longer intervals than normal: capital values, obsolescence, risk and multiple occupiers. (See Abstract 44115 for Part I). | ||
| 650 | _aABNORMAL REVIEW PERIOD | ||
| 650 | _aCAPITAL VALUES | ||
| 650 | _aLEASE TERMS | ||
| 650 | _aLONG REVIEW PERIOD | ||
| 650 | _aOBSOLESCENCE | ||
| 650 | _aRENT REVIEW PERIOD | ||
| 650 | _aRENT REVIEWS | ||
| 650 |
_aValuation _96273 |
||
| 690 | _aLANDLORD AND TENANT-RENT REVIEWS | ||
| 700 | _aMurdoch, S. | ||
| 942 | _n0 | ||
| 948 | _c04/03/1997 | ||
| 999 |
_c33094 _d33094 |
||